| 000 | 01116nam a22002771 4500 | ||
|---|---|---|---|
| 001 | 20379 | ||
| 003 | CZ PrNK | ||
| 005 | 20260121150900.0 | ||
| 008 | 980925s1964 xr ||| | slo | ||
| 015 | _acnb000862472 | ||
| 040 |
_aABA001 _bcze _cABA001 _dABA001 |
||
| 041 | 1 |
_aslo _hcze |
|
| 044 |
_axr _axo |
||
| 100 | 1 |
_aLoužil, Jan, _d1923-2007 _4aut |
|
| 245 | 1 | 0 |
_aAtlas lesného hmyzu / _cJan Loužil ; [farebné obrázky nakreslila Julie Režná-Loužilová ; z českého textu preložil Ladislav Finta] |
| 250 | _a2. vyd. | ||
| 260 |
_aBratislava : _bSlovenské vydavateľstvo pôdohospodárskej literatúry ; _aPraha : _bStátní zemědělské nakladatelství, _c1964 |
||
| 300 |
_a189 s. : _bil. (převážně barev.) ; _c19 cm |
||
| 490 | 1 |
_aLesnícka knižnica. Malé lesnícke atlasy ; _v4 |
|
| 700 | 1 |
_aRežná, Julie, _d1924-2019 _4ill |
|
| 700 | 1 |
_aFinta, Ladislav _4trl |
|
| 830 | 0 |
_aLesnícka knižnica. _pMalé lesnícke atlasy |
|
| 856 | 4 | 1 |
_uhttp://krameriusndk.nkp.cz/search/handle/uuid:49f42ea0-e936-11ef-ab07-005056827e51 _yDigitalizovaný dokument |
| 910 | _aABA001 | ||
| 942 |
_2ddc _cOLDO _n0 |
||
| 999 |
_c20379 _d20379 |
||